|
|
|
|
| LEADER |
00934nam a2200313 4500 |
| 001 |
DLU090093656 |
| 005 |
##20091201 |
| 040 |
# |
# |
|a DLU
|b eng
|
| 041 |
# |
# |
|a eng
|
| 044 |
# |
# |
|a us
|
| 100 |
# |
# |
|a Fryer, Michael E.
|
| 245 |
# |
# |
|a Model intercomparison for the uptake of organic chemicals by plants /
|c Michael E. Fryer, Christopher D. Collins.
|
| 653 |
# |
# |
|a Absorption
|
| 653 |
# |
# |
|a Contamination
|
| 653 |
# |
# |
|a Metabolism
|
| 653 |
# |
# |
|a Organic compounds
|
| 653 |
# |
# |
|a Risk analysis
|
| 653 |
# |
# |
|a Translocation
|
| 700 |
# |
# |
|a Collins, Christopher D.
|
| 773 |
# |
# |
|t Environmental Science & Technology
|g Vol. 37, no. 8 (April 2003), p. 1617-1624
|
| 920 |
# |
# |
|a Phòng Tạp chí -- Trung tâm Thông tin - Thư viện Trường Đại học Đà Lạt
|
| 994 |
# |
# |
|a DLU
|
| 900 |
# |
# |
|a True
|
| 911 |
# |
# |
|a Trương Bảo Trâm Anh
|
| 925 |
# |
# |
|a G
|
| 926 |
# |
# |
|a A
|
| 927 |
# |
# |
|a BB
|
| 980 |
# |
# |
|a Thư viện Trường Đại học Đà Lạt
|